[Event "CRI-ch"]
[Site "San Jose"]
[Date "2010.08.07"]
[Round "11"]
[White "Duran Vega, Andres"]
[Black "Zhang, Juan"]
[Result "0-1"]
[WhiteElo "1993"]
[BlackElo "1811"]
[PlyCount "74"]
[EventDate "2010.07.26"]
[EventType "tourn"]
[EventRounds "13"]
[EventCountry "CRI"]
[SourceTitle "CBM 137 Extra"]
[Source "ChessBase"]
[SourceDate "2010.09.01"]
[SourceVersion "1"]
[SourceVersionDate "2010.09.01"]
[SourceQuality "1"]

1. d4 Nf6 2. c4 e6 3. Nf3 b6 4. Bg5 Be7 5. Nc3 Bb7 6. e3 0-0 7. Bd3 h6 8. Bh4 d5 9. 0-0 Nbd7 10. cxd5 exd5 11. Rc1 c5 12. dxc5 Nxc5 13. Bb1 Rc8 14. Nd4 Re8 15. Bf5 Ra8 16. b4 Nce4 17. Ncb5 Bd6 18. f3 Ng5 19. Nxd6 Qxd6 20. f4 Nge4 21. Nb5 Qxb4 22. Nc7 Nd6 23. Nxe8 Rxe8 24. Bxf6 Nxf5 25. Qg4 Qe4 26. Rfe1 Ba6 27. h3 Re6 28. Kf2 Rxf6 29. Qf3 Re6 30. Qxe4 dxe4 31. Rc7 Rd6 32. a3 Rd2+ 33. Kg1 Nh4 34. Rxa7 Rxg2+ 35. Kh1 Be2 36. Rg1 Rf2 37. Rg3 Nf3 0-1

[Event "CRI-ch"]
[Site "San Jose"]
[Date "2010.08.01"]
[Round "6"]
[White "Zhang, Juan"]
[Black "Valdes Romero, Leonardo"]
[Result "0-1"]
[WhiteElo "1811"]
[BlackElo "2429"]
[PlyCount "92"]
[EventDate "2010.07.26"]
[EventType "tourn"]
[EventRounds "13"]
[EventCountry "CRI"]
[SourceTitle "CBM 137 Extra"]
[Source "ChessBase"]
[SourceDate "2010.09.01"]
[SourceVersion "1"]
[SourceVersionDate "2010.09.01"]
[SourceQuality "1"]

1. e4 d6 2. d4 Nf6 3. Nc3 g6 4. h3 Bg7 5. Nf3 0-0 6. Be2 c6 7. a4 Qc7 8. 0-0 Nbd7 9. Be3 b6 10. Qd2 a6 11. Bh6 e5 12. dxe5 dxe5 13. Bxg7 Kxg7 14. Rfd1 Bb7 15. Qd6 Rac8 16. Rd2 Rfe8 17. Re1 Qxd6 18. Rxd6 Nc5 19. Bf1 b5 20. b4 Nxa4 21. Nxa4 bxa4 22. Bd3 Re7 23. Bc4 c5 24. bxc5 Rxc5 25. Bxa6 Bc6 26. Bd3 Rc7 27. Rd8 Ra7 28. Nd2 Nd7 29. Rc8 Kf6 30. Nc4 a3 31. Ra1 a2 32. f3 Bb5 33. Rxc5 Nxc5 34. Kf2 Nxd3+ 35. cxd3 Bxc4 36. dxc4 Ke6 37. Ke3 Kd6 38. Kd3 Kc5 39. Kc3 h5 40. h4 f5 41. Kb3 fxe4 42. fxe4 Ra6 43. Kb2 Kxc4 44. Rc1+ Kd4 45. Ka1 Kxe4 46. Re1+ Kf4 0-1

[Event "CRI-ch"]
[Site "San Jose"]
[Date "2010.07.31"]
[Round "5"]
[White "Zhang, Juan"]
[Black "Bermudez Vives, Sergio"]
[Result "0-1"]
[WhiteElo "1811"]
[BlackElo "2183"]
[PlyCount "76"]
[EventDate "2010.07.26"]
[EventType "tourn"]
[EventRounds "13"]
[EventCountry "CRI"]
[SourceTitle "CBM 137 Extra"]
[Source "ChessBase"]
[SourceDate "2010.09.01"]
[SourceVersion "1"]
[SourceVersionDate "2010.09.01"]
[SourceQuality "1"]

1. e4 c5 2. Nc3 Nc6 3. g3 g6 4. Bg2 Bg7 5. d3 e5 6. f4 Nge7 7. Nf3 d6 8. h3 0-0 9. 0-0 Be6 10. Be3 Nd4 11. Qd2 Qd7 12. Kh2 Rad8 13. Rae1 b5 14. a3 a5 15. Ne2 b4 16. axb4 axb4 17. b3 Ra8 18. f5 gxf5 19. Nexd4 exd4 20. Bh6 f6 21. Nh4 Rae8 22. Bxg7 Kxg7 23. exf5 Bf7 24. g4 h6 25. Nf3 Nd5 26. Rg1 Ne3 27. Nh4 Qe7 28. Ng6 Bxg6 29. fxg6 Qe5+ 30. Kh1 Qg3 31. Ra1 Re7 32. Bf1 Nxf1 33. Raxf1 Qxh3+ 34. Qh2 Qxh2+ 35. Kxh2 Re2+ 36. Rg2 Rfe8 37. Rff2 Rxf2 38. Rxf2 Re3 0-1

[Event "CRI-ch"]
[Site "San Jose"]
[Date "2010.07.26"]
[Round "1"]
[White "Zhang, Juan"]
[Black "Arias Santana, Mauricio"]
[Result "0-1"]
[WhiteElo "1811"]
[BlackElo "2345"]
[PlyCount "110"]
[EventDate "2010.07.26"]
[EventType "tourn"]
[EventRounds "13"]
[EventCountry "CRI"]
[SourceTitle "CBM 137 Extra"]
[Source "ChessBase"]
[SourceDate "2010.09.01"]
[SourceVersion "1"]
[SourceVersionDate "2010.09.01"]
[SourceQuality "1"]

1. e4 d5 2. exd5 Qxd5 3. Nc3 Qa5 4. d4 Nf6 5. Nf3 Bg4 6. h3 Bxf3 7. Qxf3 c6 8. Bd2 Nbd7 9. Ne4 Qb6 10. Nxf6+ Nxf6 11. Qb3 Qc7 12. Bc4 e6 13. 0-0 Bd6 14. Rfe1 0-0 15. Rad1 Rad8 16. Bg5 Be7 17. Bxf6 Bxf6 18. c3 Rd6 19. Be2 Rd5 20. Bf3 Rf5 21. Qc2 Rd8 22. Be4 Rh5 23. Rd3 g6 24. Bf3 Ra5 25. a3 h5 26. Rde3 h4 27. Re4 Kg7 28. Qc1 Bg5 29. Qc2 c5 30. dxc5 Rd2 31. Qb1 Rxc5 32. Rb4 b5 33. Rd1 Rxd1+ 34. Qxd1 a5 35. Rd4 Bf6 36. Rd7 Qf4 37. Qd6 Qc4 38. Ra7 Bg5 39. Qd7 e5 40. Be2 Qf4 41. Bxb5 e4 42. Qd4+ Re5 43. Bc4 Qc1+ 44. Bf1 Bf6 45. Qc4 Be7 46. Qd4 f6 47. Qd8 Kf7 48. Qb6 e3 49. fxe3 Rxe3 50. Qb3+ Kg7 51. Ra8 Re1 52. Qg8+ Kh6 53. Qh8+ Kg5 54. Rxa5+ f5 55. Rxf5+ Kxf5 0-1